The deep currents /

Saved in:
Bibliographic Details
Main Author: Rothwell, Hilda
Format: Book
Language:English
Published: London : Hale, 1974.
Subjects:
LEADER 00834nam a2200241 i 4500
001 c000099006
003 CARM
005 00000000000000.0
008 740907s1974 enk 00011 eng d
015 |a B7422262 
019 1 |a 3553663  |5 LACONCORD2021 
020 |a 0709142587 :  |c L.1.70 
035 |a (OCoLC)59701993  |5 LACONCORD2021 
100 1 |a Rothwell, Hilda. 
245 1 4 |a The deep currents /  |c Hilda Rothwell. 
260 |a London :  |b Hale,  |c 1974. 
300 |a 183 p. ;  |c 20cm. 
500 |a Fiction in English, 1900-. Texts (BNB/PRECIS) 
650 0 |a English fiction. 
852 8 |b CARM  |h A2:AI33G0  |i A01908  |p 0103678  |f BK 
082 0 4 |a 823/.9/1  |2 18 
999 f f |i 82199480-0e4c-5b56-89f4-778d3003e7d5  |s c3613ea9-dc84-5fd4-8b43-ee1e0814e81e 
952 f f |p Can circulate  |a CAVAL  |b CAVAL  |c CAVAL  |d CARM 1 Store  |e A01908  |f A2:AI33G0  |h Other scheme  |i book  |m 0103678